Mineral and water resources, (Record no. 30512)
[ view plain ]
| 000 -LEADER | |
|---|---|
| fixed length control field | 01040cam a2200241 4500 |
| 001 - CONTROL NUMBER | |
| control field | gs 68000303 |
| 003 - CONTROL NUMBER IDENTIFIER | |
| control field | DLC |
| 005 - DATE AND TIME OF LATEST TRANSACTION | |
| control field | 20260227111423.0 |
| 008 - FIXED-LENGTH DATA ELEMENTS--GENERAL INFORMATION | |
| fixed length control field | 690708s1967 aluab 000 0 eng c |
| 010 ## - LIBRARY OF CONGRESS CONTROL NUMBER | |
| LC control number | gs 68000303 //r933 |
| 040 ## - CATALOGING SOURCE | |
| Original cataloging agency | U.S. Geological Survey Library |
| Transcribing agency | DLC |
| Modifying agency | DLC |
| 050 10 - LIBRARY OF CONGRESS CALL NUMBER | |
| Classification number | GB1025 |
| Item number | .A2A3 no. 36 |
| 245 00 - TITLE STATEMENT | |
| Title | Mineral and water resources, |
| Remainder of title | Butler County, Alabama. |
| 260 0# - PUBLICATION, DISTRIBUTION, ETC. | |
| Place of publication, distribution, etc. | University, Ala., |
| Date of publication, distribution, etc. | 1967. |
| 300 ## - PHYSICAL DESCRIPTION | |
| Extent | 37 p. |
| Other physical details | illus., maps (part col.) |
| Dimensions | 28 cm. |
| 490 1# - SERIES STATEMENT | |
| Series statement | Alabama. Geological Survey. Information series ; |
| Volume/sequential designation | 36 |
| 500 ## - GENERAL NOTE | |
| General note | Prepared cooperatively by the U.S. Geological Survey, Water Resources Division, U.S. Bureau of Mines, and the Geological Survey and Oil and Gas Board of Alabama. |
| 650 #0 - SUBJECT ADDED ENTRY--TOPICAL TERM | |
| Topical term or geographic name entry element | Mines and mineral resources |
| Geographic subdivision | Alabama |
| -- | Butler County. |
| 650 #0 - SUBJECT ADDED ENTRY--TOPICAL TERM | |
| Topical term or geographic name entry element | Groundwater |
| Geographic subdivision | Alabama |
| -- | Butler County. |
| 650 #0 - SUBJECT ADDED ENTRY--TOPICAL TERM | |
| Topical term or geographic name entry element | Water-supply |
| Geographic subdivision | Alabama |
| -- | Butler County. |
| 710 20 - ADDED ENTRY--CORPORATE NAME | |
| Corporate name or jurisdiction name as entry element | Geological Survey (U.S.). |
| Subordinate unit | Water Resources Division. |
| 830 #0 - SERIES ADDED ENTRY--UNIFORM TITLE | |
| Uniform title | Information series (Geological Survey of Alabama) ; |
| Volume/sequential designation | 36. |
No items available.